Musicians by Picture #4 - Statistics

General Stats
  • This quiz has been taken 65,274 times
    43,841 since last reset
  • The average score is 13 of 20
Answer Stats
Picture Hint Answer % Correct
b. 1981 Beyoncé Knowles
95%
b. 1972 Eminem
95%
b. 1988 Rihanna
95%
b. 1994 Justin Bieber
93%
b. 1985 Bruno Mars
90%
1958–2016 Prince
87%
1940–1980 John Lennon
82%
b. 1975 Sia
82%
b. 1981 Pitbull
81%
b. 1988 Lizzo
75%
b. 1979 Adam Levine
62%
b. 1996 Lorde
57%
b. 1987 Kendrick Lamar
55%
b. 1980 Christina Aguilera
43%
b. 1941 Bob Dylan
37%
b. 1975 Enrique Iglesias
34%
b. 1945 Bette Midler
26%
b. 1962 Garth Brooks
24%
1925–1990 Sammy Davis Jr.
24%
1813–1883 Richard Wagner
18%
No matching quizzes found
Score Distribution
Percent of People with Each Score
Percentile by Number Answered
Your Score History
You have not taken this quiz since the last reset